Championships in 2010 - Statistics

General Stats
  • This quiz has been taken 5 times
  • The average score is 9 of 11
Answer Stats
Hint Answer % Correct
2010 Lakers
100%
2020 Lakers
100%
2014 Spurs
100%
2015 Warriors
100%
2017 Warriors
100%
2018 Warriors
100%
2016 Cavaliers
80%
2019 Bucks
60%
2012 Heat
60%
2013 Heat
60%
2011 Mavericks
40%
No matching quizzes found
Score Distribution
Percent of People with Each Score
Percentile by Number Answered
Your Score History
You have not taken this quiz